000 00705nam a2200289Ia 4500
005 20260324144018.0
008 008 260324s9999 xx 000 0 eng d
020 _a9781315763552
037 _aEBOOK
040 _aCRL
040 _beng
040 _cCRL
041 _2eng
041 _aeng
084 _qCRL
100 _aNico Stehr; Volker Meja
_91217749
245 0 _aKnowledge and Politics (RLE Social Theory)
245 4 _bThe Sociology of Knowledge Dispute
260 _bTaylor and Francis
260 _c1990
365 _a
365 _b240
856 _uhttp://www.taylorfrancis.com/books/9781315763552
942 _cEBOOK
999 _c1823843
_d1823843